000 00404nmm a2200145Ia 4500
008 251105s9999||||xx |||||||||||||||||und||
041 _aspa
100 _aKing, P. Heribert
245 0 _aTextos pedagógicos
264 _a[Santiago de Chile, Chile] :
_bNueva Patris,
_c2011
300 _a576 páginas
650 _aEducation
856 _uhttps://public.digitaliapublishing.com/a/28724
942 _cCF
999 _c104439
_d104439